Statistics for Квиз о Шпанији

Click here to take the quiz!

General Stats

  • This quiz has been taken 710 times
  • The average score is 13 of 27

Answer Stats

ОписОдговор% Correct
Главни градМадрид
100%
Други град по величиниБарселона
97%
Португал
93%
Француска
91%
Полуострво на коме се налазиИберијско
85%
Граничне земље (не рачунајући прекоморске територије)Андора
82%
Регија у којој се налази из горњег питањаКаталонија
79%
Планински венац који раздваја Шпанију и ФранцускуПиринеји
71%
Сликар који је насликао "Гернику"Пабло Пикасо
58%
Година када је Колумбо открио Нови Свет1492
58%
Диктатор који је владао до 1975.Франциско Франко
54%
Највиши фудбалски рангЛа лига
52%
Бивша валутаПезета
51%
Мајорка
47%
Витез из Ла МанчеДон Кихот
46%
Аутор књиге у којој се претходно наведени појављујеМигел де Сервантес
36%
Тренутни краљ ШпанијеФелипе VI
31%
Град у коме се налази музеј ГугенхајмБилбао
28%
Поподневни одморСијеста
26%
Освајач државе ИнкаФрансиско Пизаро
22%
Острва са највећим бројем становникаТенерифе
21%
Освајач државе АстекаЕрнан Кортес
21%
Град у коме се одржава трка са биковимаПамплона
20%
Изабела
20%
Брачни пар који је ујединио ШпанијуФернандо
14%
Црвени зачин у паељиШафран
9%
Гран Канарија
8%

Score Distribution

Percentile by Number Answered

Percent of People with Each Score

Your Score History

You have not taken this quiz